Základy a praxe moderního divadla

Bibliographic Details
Main Author: Honzl, Jindřich, 1894-1953 (Author)
Other Authors: Obst, Milan, 1926-1980 (Compiler, Author of introduction, etc.)
Format: Book
Language:Czech
PhysicalDescription:204 s. 20 cm 36 s. fotogr. prílohy
Published: Praha Orbis 1963
Edition:1. vyd.
Series:Knihovna divadelné tvorby
Subjects:

MARC

LEADER 00000cam a2200000 a 4500
001 vtls001263514
003 SK-MaSNL
005 20260301234534.0
008 240315s1963 xr 0|100 cze
020 |q (viazané) 
035 |a SNK000214420 
040 |a SNK  |b slo  |c SNK  |e AACR2 
041 0 |a cze 
044 |a xr  |c CZ 
072 7 |a 792  |x Divadlo. Divadelné predstavenia  |2 konspekt 
080 |a 792  |2 2011 
080 |a 792.028  |2 2011 
080 |a (048.8)  |2 2011 
100 1 |a Honzl, Jindřich,  |d 1894-1953  |4 aut  |9 103996 
245 1 0 |a Základy a praxe moderního divadla  |c Jindřich Honzl ; uspořádal, úvodem, poznámkami, bibliografií a rejstříky opatřil Milan Obst 
250 |a 1. vyd. 
260 |a Praha  |b Orbis  |c 1963 
300 |a 204 s.  |c 20 cm  |e 36 s. fotogr. prílohy 
366 |e 3 000 kusov 
490 1 |a Knihovna divadelné tvorby 
500 |a Menný register, bibliografia a poznámky 
650 0 7 |a divadlo  |2 SNKPH  |9 3335 
650 0 7 |a herectvo  |2 SNKPH  |9 3342 
650 0 7 |a Theater  |2 SNKPHeng  |9 105012 
650 0 7 |a Acting no  |2 SNKPHeng  |9 324502 
655 7 |a štúdie  |2 SNKPH  |9 57033 
655 7 |a Studies  |2 SNKPHeng  |9 265573 
700 1 |a Obst, Milan,  |d 1926-1980  |4 com  |4 aui  |9 368737 
830 0 |a Knihovna divadelné tvorby  |9 630701 
852 |a Akadémia umení v Banskej Bystrici 
958 |a OND 
999 |c 970478  |d 972408 
952 |t P60, <04>, [BOOK], {604}  |a SNK  |b SNK  |y VYP  |7 0  |p 17A0014623  |o snkIC 32818 D1  |0 0  |1 1  |4 0  |d 1996-10-15  |l 0  |r 2005-01-01 00:00:00  |w 2026-02-24